| 000 | 00953nam a22001817a 4500 | ||
|---|---|---|---|
| 005 | 20260123085850.0 | ||
| 008 | 230713b ||||| |||| 00| 0 eng d | ||
| 040 |
_cSSBUL _dSSBUL |
||
| 082 |
_223 _a၉၂၇.၉၂၀၂၈ အောင် ၁၆၀၀၈ (S-SAT) |
||
| 100 |
_aအောင်ပြေညို၊ _c(နံ့သာပြေ)။ _927885 |
||
| 245 |
_aပခန်းအနူသဘင်ကျော်များ / _cအောင်ပြေညို(နံ့သာမြေ)။ |
||
| 260 |
_aရန်ကုန်၊ _bစာပေဗိမာန်၊ _c၁၉၈၆။ |
||
| 300 |
_a၁၉၆ စာမျက်နှာ၊ _c၁၈ စင်တီ။ |
||
| 500 | _aS-SAT: Dr. Prof Sai Aung Tun | ||
| 650 |
_aအနုပညာရှင်များ _vအတ္ထုပ္ပတ္တိ။ _927886 |
||
| 650 |
_aအနုပညာရှင်များ _zမြန်မာနိုင်ငံ။ _927887 |
||
| 942 |
_2ddc _cBK1 |
||
| 999 |
_c27130 _d27130 |
||